000 00761nam a22002297a 4500
003 OSt
005 20260423010709.0
008 251030b |||||||| |||| 00| 0 eng d
020 _a978-1-84787-335-4
040 _aDWCL-Admin lib
_cOC
082 _aCirc. 616.89152 P964g 2008
100 _aProctor, Brigid
245 _aGroup supervision : a guide to creative practice /
_cBrigid Proctor
260 _a Los Angeles :
_bSage,
_cc2008.
300 _axvii, 230 p. : ill. ;
_c24 cm.
504 _aIncludes bibliographical references and index.
650 _a1. Counselors -Supervision of.
650 _a2. Group counseling.
650 _a3. Group psychotherapy
650 _a4. Psychotherapists- Supervision of.
942 _2ddc
_cBK-CIRC
_e2nd ed.
_kCirc.
_n0
999 _c5320
_d5320